CML publishes 2011 market forecasts (Record no. 82865)

MARC details
000 -LEADER
fixed length control field 00954cad a22002055a 4500
001 - CONTROL NUMBER
control field L151923
008 - FIXED-LENGTH DATA ELEMENTS--GENERAL INFORMATION
fixed length control field 110106e20101215xxk 000 0 eng d
035 ## - SYSTEM CONTROL NUMBER
System control number (Sirsi) u151923
041 0# - LANGUAGE CODE
Language code of text/sound track or separate title eng
110 2# - MAIN ENTRY--CORPORATE NAME
Corporate name or jurisdiction name as entry element Council of Mortgage Lenders
9 (RLIN) 5903
245 00 - TITLE STATEMENT
Title CML publishes 2011 market forecasts
Medium [electronic resource]
260 ## - PUBLICATION, DISTRIBUTION, ETC.
Date of publication, distribution, etc. 2010
490 ## - SERIES STATEMENT
Series statement CML News and Views
Volume/sequential designation (24) 15 December 2010
520 ## - SUMMARY, ETC.
Summary, etc. Council of Mortgage Lenders' forecast for UK mortgage and housing markets in 2011. Activity in housing and mortgage markets is set to remain broadly flat in 2011 due to predicted fall in transactions to 860 000 and difficulty in obtaining mortgage particularly for first time buyers.
590 ## - LOCAL NOTE (RLIN)
Local note KA
651 #4 - SUBJECT ADDED ENTRY--GEOGRAPHIC NAME
Geographic name United Kingdom
Chronological subdivision
690 ## - LOCAL SUBJECT ADDED ENTRY--TOPICAL TERM (OCLC, RLIN)
Topical term or geographic name as entry element PROPERTY-RESIDENTIAL PROPERTY-RESIDENTIAL PROPERTY MARKET
856 40 - ELECTRONIC LOCATION AND ACCESS
Uniform Resource Identifier <a href="https://www.cml.org.uk/cml/publications/newsandviews/80/290">https://www.cml.org.uk/cml/publications/newsandviews/80/290</a>
Public note View this item free of charge at www.cml.org.uk
942 ## - ADDED ENTRY ELEMENTS (KOHA)
Suppress in OPAC 0
Holdings
Withdrawn status Lost status Source of classification or shelving scheme Damaged status Not for loan Home library Current library Shelving location Date acquired Total Checkouts Full call number Barcode Date last seen Copy number Price effective from Koha item type
    Dewey Decimal Classification     Virtual Virtual Online 06/01/2011   ONLINE PUBLICATION 151923-2001 06/08/2019 1 06/08/2019 Journal article